Statistics for Countries Closest to Belarus

Click here to take the quiz!

General Stats

  • This quiz has been taken 550 times
  • The average score is 19 of 20

Answer Stats

kmcountrymiles% Correct
0Russia0
99%
0Ukraine0
99%
0Lithuania0
98%
0Poland0
98%
157Estonia98
97%
0Latvia0
97%
571Germany355
95%
357Hungary222
95%
267Slovakia166
95%
470Finland292
94%
365Romania227
94%
395Czechia245
93%
515Sweden320
93%
568Austria353
92%
337Moldova206
91%
646Serbia401
91%
740Slovenia460
91%
715Croatia444
87%
544Denmark332
85%
801Bosnia and
Herzegovina
498
83%

Score Distribution

Percentile by Number Answered

Percent of People with Each Score

Your Score History

You have not taken this quiz